| 000 | 00529nam a2200193 a 4500 | ||
|---|---|---|---|
| 001 | 23645 | ||
| 003 | CO-ViMGA | ||
| 008 | 141112s2004 ck r 000 u spa d | ||
| 020 | _a9789583030550 | ||
| 040 |
_aCO-ViMGA _bspa _cCO-ViMGA |
||
| 082 | 0 | 4 | _aHAYc |
| 100 | 1 |
_aHay, Samantha _934163 |
|
| 245 | 1 | 0 |
_aClientes espeluznantes / _cSamantha Hay |
| 260 |
_aColombia : _bpanAméricana |
||
| 300 | _a50p. | ||
| 650 | 1 | 4 |
_a2 : MONSTRUOS - CUENTOS INFANTILES _934164 |
| 650 | 1 | 4 |
_aCUENTOS INFANTILES INGLESES _915884 |
| 942 |
_2ddc _cBK |
||
| 999 |
_c31756 _d31756 |
||